| 000 | 00527nam a2200217Ia 4500 | ||
|---|---|---|---|
| 003 | OSt | ||
| 005 | 20221005115752.0 | ||
| 006 | a|||||r|||| 00| 0 | ||
| 007 | ta | ||
| 008 | 221004b |||||||| |||| 00| 0 eng d | ||
| 024 | _a42413 | ||
| 037 | _cTextual | ||
| 040 |
_aCRL _cCRL _beng |
||
| 041 |
_2eng _aeng |
||
| 082 | _a2:559W5;7, J8 | ||
| 245 | 0 | _aColumbia University School of library service | |
| 250 | _a3rd | ||
| 260 | _c1958 | ||
| 942 |
_h2:559W5;7, J8 _cTEXL _2cc |
||
| 999 |
_c1035864 _d1035864 |
||